[Event "Savigliano op"]
[Site "Savigliano"]
[Date "2009.05.31"]
[Round "5"]
[White "Dominici, Alessandro"]
[Black "Manni, Stefano"]
[Result "1-0"]
[WhiteElo "1823"]
[BlackElo "2036"]
[PlyCount "37"]
[EventDate "2009.05.28"]
[EventType "swiss"]
[EventRounds "6"]
[EventCountry "ITA"]
[SourceTitle "CBM 130 Extra"]
[Source "ChessBase"]
[SourceDate "2009.07.02"]
[SourceVersion "2"]
[SourceVersionDate "2009.07.15"]
[SourceQuality "1"]

1. d4 d5 2. c4 dxc4 3. Nc3 e5 4. d5 Nf6 5. e4 c6 6. Bxc4 b5 7. Bb3 b4 8. Nce2 Nxe4 9. Nf3 Bb7 10. Nxe5 cxd5 11. Ba4+ Ke7 12. Nd4 Qb6 13. Be3 Qf6 14. Ng4 Qg6 15. Rc1 Na6 16. Qe2 Nac5 17. Rxc5 Nxc5 18. Bg5+ Kd6 19. Qe5# 1-0

[Event "Savigliano op"]
[Site "Savigliano"]
[Date "2009.05.30"]
[Round "3"]
[White "Dominici, Alessandro"]
[Black "Babilonia, Mauricio Rafael"]
[Result "1/2-1/2"]
[WhiteElo "1823"]
[BlackElo "1800"]
[PlyCount "71"]
[EventDate "2009.05.28"]
[EventType "swiss"]
[EventRounds "6"]
[EventCountry "ITA"]
[SourceTitle "CBM 130 Extra"]
[Source "ChessBase"]
[SourceDate "2009.07.02"]
[SourceVersion "2"]
[SourceVersionDate "2009.07.15"]
[SourceQuality "1"]

1. d4 d5 2. c4 c6 3. Nc3 Nf6 4. Nf3 e6 5. Bg5 Be7 6. e3 Nbd7 7. Rc1 0-0 8. cxd5 exd5 9. Bd3 h6 10. Bxf6 Nxf6 11. Ne5 Bd6 12. f4 Bxe5 13. fxe5 Ng4 14. Qf3 Qh4+ 15. g3 Qg5 16. Nd1 h5 17. 0-0 Be6 18. Rc2 f6 19. Qf4 Qxf4 20. exf4 fxe5 21. dxe5 Nh6 22. Bg6 Bf5 23. Bxf5 Nxf5 24. Re2 Kf7 25. Ne3 Nxe3 26. Rxe3 Ke6 27. Kg2 d4 28. Rb3 b6 29. Kf3 Kd5 30. a4 c5 31. h3 g6 32. Re1 Rad8 33. Re4 g5 34. Re2 h4 35. Kg2 hxg3 36. fxg5 1/2-1/2

[Event "Savigliano op"]
[Site "Savigliano"]
[Date "2009.05.30"]
[Round "4"]
[White "Sotgia, Cosimo"]
[Black "Dominici, Alessandro"]
[Result "0-1"]
[WhiteElo "1859"]
[BlackElo "1823"]
[PlyCount "76"]
[EventDate "2009.05.28"]
[EventType "swiss"]
[EventRounds "6"]
[EventCountry "ITA"]
[SourceTitle "CBM 130 Extra"]
[Source "ChessBase"]
[SourceDate "2009.07.02"]
[SourceVersion "2"]
[SourceVersionDate "2009.07.15"]
[SourceQuality "1"]

1. e4 e6 2. d4 d5 3. Nc3 Bb4 4. Nge2 dxe4 5. a3 Be7 6. Nxe4 Nf6 7. N2g3 0-0 8. c3 Nbd7 9. Bd3 Nxe4 10. Nxe4 f5 11. Ng3 c5 12. Qe2 Nf6 13. dxc5 Bxc5 14. Bg5 Bxf2+ 15. Kxf2 Ng4+ 16. Ke1 Qxg5 17. h4 Qf4 18. Nh5 Qc7 19. Rf1 Bd7 20. Nf4 Rae8 21. Kd2 e5 22. Nd5 Qd6 23. Bc4 Be6 24. Qd3 Rd8 25. Rad1 Bxd5 26. Ke2 Nf6 27. Rxf5 Qe6 28. Rxf6 Qxf6 29. Bxd5+ Kh8 30. Qg3 Qb6 31. b4 Qa6+ 32. c4 Rf4 33. b5 Qf6 34. h5 Rf8 35. Qe3 Rf2+ 36. Kd3 Ra2 37. Rc1 Rxa3+ 38. Rc3 Qf1+ 0-1